000 00450cam a2200181ua 4500
020 _c2.50
041 _amal
_h
082 _a894.812809
_bPAU/CH
100 _aPaul, M P .
245 _aCherukathaprasthanam /
_cM P Paul.
_hTextual Documents
250 _a1 /
_b.
260 _aKottayam :
_bSahitya Pravarthaka Co-operative Society ,
_c1963.
300 _a196 ; .
365 _a2.50
504 _a
942 _cBK
999 _c11611
_d11611